Loading...
| Current Events | 2 | 20.00 | 100% | 100% | 0% |
| Fine Arts - Classical Music | 8 | 10.00 | 75% | 25% | 13% |
| Fine Arts - Other Fine Arts | 5 | 18.00 | 100% | 80% | 0% |
| Fine Arts - Painting & Sculpture | 7 | 12.86 | 100% | 14% | 14% |
| Geography | 2 | 20.00 | 100% | 50% | 50% |
| History - American History | 8 | 20.00 | 100% | 75% | 25% |
| History - European History | 5 | 16.00 | 100% | 40% | 20% |
| History - Other History | 11 | 16.36 | 100% | 55% | 9% |
| History - World History | 9 | 10.00 | 78% | 22% | 0% |
| Literature - American Literature | 11 | 12.73 | 100% | 18% | 9% |
| Literature - British Literature | 6 | 10.00 | 83% | 17% | 0% |
| Literature - European Literature | 7 | 11.43 | 100% | 14% | 0% |
| Literature - World Literature | 6 | 15.00 | 100% | 33% | 17% |
| Mythology | 5 | 16.00 | 80% | 60% | 20% |
| Other Academic | 5 | 12.00 | 80% | 40% | 0% |
| Philosophy | 6 | 8.33 | 83% | 0% | 0% |
| Religion | 4 | 15.00 | 100% | 25% | 25% |
| Science - Biology | 9 | 10.00 | 78% | 22% | 0% |
| Science - Chemistry | 8 | 7.50 | 63% | 13% | 0% |
| Science - Other Science | 5 | 16.00 | 100% | 40% | 20% |
| Science - Physics | 9 | 13.33 | 89% | 33% | 11% |
| Social Science | 9 | 10.00 | 78% | 22% | 0% |